Vybrané modely udržateľného cestovného ruchu a ich komparácia
Analýza 9 zahraničných modelov udržateľného cestovného ruchu, ktoré boli posudzované z hľadiska ich výhod a nevýhod pre aplikovateľnosť v turistických destináciách. Určenie spoločných čŕt, odlišností a prínosov pre návrh slovenského modelu udržateľného cestovného ruchu.
Salvato in:
| Autore principale: | |
|---|---|
| Natura: | Capitolo di libro |
| Lingua: | slovacco |
| Soggetti: | |
| Tags: |
Nessun Tag, puoi essere il primo ad aggiungerne!!
|
MARC
| LEADER | 00000nla a2200000 4500 | ||
|---|---|---|---|
| 001 | 0241284 | ||
| 005 | 20240502073928.3 | ||
| 041 | 0 | |a slo | |
| 044 | |a SK | ||
| 245 | 1 | 0 | |a Vybrané modely udržateľného cestovného ruchu a ich komparácia |c Laura Markovičová |
| 520 | |a Analýza 9 zahraničných modelov udržateľného cestovného ruchu, ktoré boli posudzované z hľadiska ich výhod a nevýhod pre aplikovateľnosť v turistických destináciách. Určenie spoločných čŕt, odlišností a prínosov pre návrh slovenského modelu udržateľného cestovného ruchu. | ||
| 610 | 2 | 0 | |a ruch cestovný |
| 610 | 2 | 0 | |a ruch cestovný dlhodobý |
| 610 | 2 | 0 | |a rozvoj trvalo udržateľný |
| 610 | 2 | 0 | |a plánovanie strategické |
| 610 | 2 | 0 | |a modely organizačné |
| 610 | 2 | 0 | |a monitoring |
| 610 | 2 | 0 | |a analýza komparatívna |
| 100 | 1 | |a Markovičová, Laura | |